00418nam a2200121Ia 4500008004100000100001700041245007400058260003700132440001700169650005400186650001500240856004100255171212s9999 xx 000 0 und d aGupta, Anoop cGupta, AnoopaKierkegaard's Romantic LegacybTwo Theories of the Self bUniversity of Ottawa Pressc2005 aPhilosophica aKierkegaard, Søren, 1813-1855; Self (Philosophy) aPhilosophy uhttp://jstor.org/stable/j.ctt1ckpgbc